Statistics for Every AEW TNT Champions 2020-2024

Click here to take the quiz!

General Stats

  • This quiz has been taken 14 times
  • The average score is 9 of 12

Answer Stats

Last WonNo. of ReignsWrestler% Correct
20242Adam Copeland / Edge
100%
20232Christian Cage
100%
20213Cody Rhodes
100%
20201Brodie Lee
82%
20231Luchasaurus
82%
20233Wardlow
82%
20231Powerhouse Hobbs
73%
20223Sammy Guevara
73%
20232Samoa Joe
73%
20232Darby Allin
64%
20222Scorpio Sky
55%
20211Miro / Rusev
36%

Score Distribution

Percentile by Number Answered

Percent of People with Each Score

Your Score History

You have not taken this quiz